Visualizzazione normale
Vista MARC
- Poirier, Michel,
di Personal Name
Records bibliografici associati: 1
001 - CONTROL NUMBER
- control field: 56912
003 - CONTROL NUMBER IDENTIFIER
- control field:
005 - DATE AND TIME OF LATEST TRANSACTION
- control field: 20180505094029.0
008 - FIXED-LENGTH DATA ELEMENTS
- fixed length control field: 180505|| aca||aabn | a|a d
040 ## - CATALOGING SOURCE
- Original cataloging agency:
- Transcribing agency:
100 ## - HEADING--PERSONAL NAME
- Personal name: Poirier, Michel,
- Relator term: ed.
670 ## - SOURCE DATA FOUND
- Source citation: Work cat.: ()0: Cyprianus, Thascius Caecilius, s., fl. ca.200-258. 56811, La beneficenza e le elemosine (De opere et eleemosynis) /, 2009.